000
00324nam a2200145Ia 4500
008
100122s9999 xx 000 0 und d
082
_b
41941
_a
920.72
100
_a
GOODEN RUMER
245
_a
GULBADAN
260
_b
THE VIKING PRESS
_c
1905
300
_a
153
630
_a
GULBADAN
730
_a
GULBADAN
942
_c
BOOK
999
_c
372739
_d
372736